Neurological examination made easy (Record no. 32166)
[ view plain ]
| 000 -LEADER | |
|---|---|
| fixed length control field | 00636nam a2200169 a 4500 |
| 008 - FIXED-LENGTH DATA ELEMENTS--GENERAL INFORMATION | |
| fixed length control field | 170321s2013 ||||||||||||||||| || u |
| 020 ## - INTERNATIONAL STANDARD BOOK NUMBER | |
| International Standard Book Number | 9780702051777 |
| 050 ## - LIBRARY OF CONGRESS CALL NUMBER | |
| Classification number | RC 348 Ful |
| 100 ## - MAIN ENTRY--PERSONAL NAME | |
| Personal name | Fuller, Geraint |
| 245 10 - TITLE STATEMENT | |
| Title | Neurological examination made easy |
| Statement of responsibility, etc. | By Geraint Fuller |
| 250 ## - EDITION STATEMENT | |
| Edition statement | 5th ed. |
| 260 ## - PUBLICATION, DISTRIBUTION, ETC. | |
| Place of publication, distribution, etc. | Edinburgh: |
| Name of publisher, distributor, etc. | Churchill Livingstone/Elsevier |
| Date of publication, distribution, etc. | 2013 |
| 300 ## - PHYSICAL DESCRIPTION | |
| Extent | vi, 241p.: ill. |
| 350 ## - | |
| -- | 42.95 |
| 650 ## - SUBJECT ADDED ENTRY--TOPICAL TERM | |
| Topical term or geographic name entry element | NEUROLOGIC EXAMINATION |
| 995 ## - | |
| -- | MEDICAL LIBRARY OPEN ACCESS |
| -- | 903702 |
| -- | CBU-SCHOOL OF MEDICINE LIBRARY (Ndola) |
| -- | 42.95 |
| -- | RC 348 Ful |
| -- | 1 |
| -- | AVAILABLE |
| -- | Mar 21, 2017 |
| -- | 903702 |
| -- | Medical Library Open Access Collection |
| 999 ## - | |
| -- | 32166 |
| -- | 32166 |
| Withdrawn status | Lost status | Source of classification or shelving scheme | Damaged status | Not for loan | Permanent Location | Current Location | Shelving location | Date acquired | Total Checkouts | Full call number | Barcode | Date last seen | Date last checked out | Price effective from | Koha item type |
|---|---|---|---|---|---|---|---|---|---|---|---|---|---|---|---|
| CBU-SCHOOL OF MEDICINE LIBRARY, NDOLA. | CBU-SCHOOL OF MEDICINE LIBRARY, NDOLA. | 11/30/2022 | 1 | RC 348 Ful | 903702 | 10/31/2025 | 09/13/2025 | 11/30/2022 | MONOGRAPH |